000
00290nam a22001217a 4500
008
181015b xxu||||| |||| 00| 0 eng d
041
_a
eng
080
_a
591
100
_a
7
101
_a
ZOO
245
_a
Clinical Trials with Therapeutic Drugs in Animals
_c
Powers,Th.E
942
_2
udc
_c
BK
999
_c
49627
_d
49627